Statistics for Night by Wiesel in 4 Letters Chain

Click here to take the quiz!

General Stats

  • This quiz has been taken 62 times
  • The average score is 12 of 17

Answer Stats

HintAnswer% Correct
The Jews had to wear a yellow _____.star
100%
Many Jews believed the war would be over _____.soon
92%
One of the things Jews ate in the concentration camps.soup
83%
Elie _____ only bread and soup each day.eats
75%
The author of the story.Elie
75%
Elie's feet were _____ after marching for days.sore
75%
When in Auschwitz, the Jews knew they didn't have much _____ to live.time
75%
The prisoners must _____ the dead out of the cattle car.toss
75%
Mrs. Schachter kept yelling she saw this during the first train ride.fire
67%
An item the Jews weren't allowed to have.gold
67%
The little boy, the pipel, was _____ to hang alone while they all watched.left
67%
The prisoners wanted to _____ selection so they could remain alivepass
67%
What the Nazis called the prisoners during the death march.dogs
58%
Prisoners cleaned their barracks and made them ____.neat
58%
Elie _____ throughout the night in his attempt to not get trampled.runs
58%
Elie lost his sense of _____.self
58%
The Nazis are _____ in the plan to eliminate the Jews.evil
42%

Score Distribution

Percentile by Number Answered

Percent of People with Each Score

Your Score History

You have not taken this quiz